European countries by airline - Statistics

General Stats
  • This quiz has been taken 32 times
    28 since last reset
  • The average score is 24 of 42
Answers on the Map
Answers color-coded by a green-red scale on the quiz's map according to % correct below.
 
Answer Stats
Answer % Correct
Air France
90%
British Airways
90%
Finnair
90%
KLM
90%
Swiss
90%
Lufthansa
86%
Lufthansa
86%
Iberia
81%
SAS
81%
SAS
81%
SAS
81%
Austrian
76%
Aer Lingus
71%
ITA
71%
LOT
71%
Ryanair
71%
Ryanair
71%
TAP
71%
Aegean
67%
Aeroflot
62%
Air Baltic
57%
Air Baltic
57%
Air Baltic
57%
Air Baltic
57%
Air Baltic
57%
Icelandair
57%
Wizz
52%
Wizz
52%
AirSerbia
48%
Easyjet
48%
Brussels Air
43%
Luxair
43%
Air Malta
38%
Belavia
33%
Air Albania
29%
Air Montenegro
24%
TAROM
24%
Croatia Airlines
19%
Bulgaria Air
14%
UIA
14%
FlyOne
0%
smartwings
0%
No matching quizzes found
Score Distribution
Percent of People with Each Score
Percentile by Number Answered
Your Score History
You have not taken this quiz since the last reset